<?xml version="1.0" encoding="UTF-8"?>
<record
    xmlns:xsi="http://www.w3.org/2001/XMLSchema-instance"
    xsi:schemaLocation="http://www.loc.gov/MARC21/slim http://www.loc.gov/standards/marcxml/schema/MARC21slim.xsd"
    xmlns="http://www.loc.gov/MARC21/slim">

  <leader>02327nam a22003617a 4500</leader>
  <controlfield tag="003">DO-SdBNP</controlfield>
  <controlfield tag="005">20240229073939.0</controlfield>
  <controlfield tag="007">ta</controlfield>
  <controlfield tag="008">110301s2021    dr ac         000 0 spa d</controlfield>
  <datafield tag="020" ind1=" " ind2=" ">
    <subfield code="a">9789945613841 (v. 2)</subfield>
  </datafield>
  <datafield tag="020" ind1=" " ind2=" ">
    <subfield code="a">9789945613964 (v. 3)</subfield>
  </datafield>
  <datafield tag="040" ind1=" " ind2=" ">
    <subfield code="a">DO-SdBNP</subfield>
    <subfield code="b">spa</subfield>
    <subfield code="c">BNPHU</subfield>
  </datafield>
  <datafield tag="082" ind1=" " ind2="4">
    <subfield code="a">321.9</subfield>
    <subfield code="b">A185f</subfield>
    <subfield code="2">22</subfield>
  </datafield>
  <datafield tag="100" ind1="1" ind2=" ">
    <subfield code="a">Acosta Matos, Eliades</subfield>
    <subfield code="9">53018</subfield>
  </datafield>
  <datafield tag="245" ind1="1" ind2="0">
    <subfield code="a">Fugas equivocadas Machado, Batista y Trujillo : </subfield>
    <subfield code="b"> una historia de violencia y traici&#xF3;n /</subfield>
    <subfield code="c">Eliades Acosta Matos, Pablo Llabre Raurell; Cuidado de la edici&#xF3;n, Enrique Soldevilla Enr&#xED;quez.</subfield>
  </datafield>
  <datafield tag="260" ind1=" " ind2=" ">
    <subfield code="a">Santo Domingo :</subfield>
    <subfield code="b">Archivo General de la Naci&#xF3;n, </subfield>
    <subfield code="c">2021</subfield>
  </datafield>
  <datafield tag="300" ind1=" " ind2=" ">
    <subfield code="a">v. :</subfield>
    <subfield code="c">23 cm.</subfield>
  </datafield>
  <datafield tag="490" ind1="1" ind2=" ">
    <subfield code="a">Archivo General de la Naci&#xF3;n </subfield>
    <subfield code="v">407, 424</subfield>
  </datafield>
  <datafield tag="500" ind1=" " ind2=" ">
    <subfield code="a">Incluye datos biogr&#xE1;ficos de los autores en las solapas de las cubiertas. </subfield>
  </datafield>
  <datafield tag="500" ind1=" " ind2=" ">
    <subfield code="a">Incluye bibliograf&#xED;a y notas al pi&#xE9; de p&#xE1;ginas.</subfield>
  </datafield>
  <datafield tag="500" ind1=" " ind2=" ">
    <subfield code="a">La biblioteca posee los vol&#xFA;menes 2 y 3</subfield>
  </datafield>
  <datafield tag="505" ind1=" " ind2=" ">
    <subfield code="a">Volumen III --</subfield>
    <subfield code="g">Capitulo XV --</subfield>
    <subfield code="t">Jugando a las invasiones y los desembarcos --</subfield>
    <subfield code="t">Pasando el Rubic&#xF3;n --</subfield>
    <subfield code="t">La recta final hacia el abrazo --</subfield>
    <subfield code="g">Capitulo XVI --</subfield>
    <subfield code="t">La voz del buen sentido y la responsabilidad --</subfield>
    <subfield code="t">Prendas de amistad --</subfield>
    <subfield code="t">Nubes sobre La Habana --</subfield>
    <subfield code="t">Cerrando el auspicioso a&#xF1;o de 1957 --</subfield>
    <subfield code="g">Capitulo XVII --</subfield>
    <subfield code="t">Huy&#xE9;ndole a esto --</subfield>
    <subfield code="t">De vuelta a los buenos viejos tiempos --</subfield>
    <subfield code="t">Hacia el ocaso definitivo --</subfield>
    <subfield code="g">Capitulo XVIII --</subfield>
    <subfield code="t">La estampida --</subfield>
    <subfield code="t">Una estampida deliberadamente difuminada --</subfield>
    <subfield code="t">Organizando la fuga --</subfield>
    <subfield code="t">Ciudad Trujillo y los primeros encuentros --</subfield>
    <subfield code="g">Capitulo XIX --</subfield>
    <subfield code="t">Trujillo se desencadena --</subfield>
    <subfield code="t">El tirano inc&#xF3;modo --</subfield>
    <subfield code="t">El diluvio descubierto desde Ciudad Trujillo --</subfield>
    <subfield code="g">Capitulo XX --</subfield>
    <subfield code="t">Una casa de espantos --</subfield>
    <subfield code="t">Movilizaciones e inmovilidades --</subfield>
    <subfield code="t">Planes rocambolescos --</subfield>
    <subfield code="g">Capitulo XXI --</subfield>
    <subfield code="t">Un final de opereta --</subfield>
    <subfield code="t">Desesperaci&#xF3;n --</subfield>
    <subfield code="t">Con espantoso tes&#xF3;n --</subfield>
    <subfield code="t">Testimonio gr&#xE1;fico /</subfield>
  </datafield>
  <datafield tag="590" ind1=" " ind2=" ">
    <subfield code="a">Inventariado, 2022/ YL</subfield>
  </datafield>
  <datafield tag="600" ind1="1" ind2="0">
    <subfield code="a">Trujillo Molina, Rafael Le&#xF3;nidas,</subfield>
    <subfield code="d"> 1891-1961</subfield>
    <subfield code="9">76764</subfield>
  </datafield>
  <datafield tag="600" ind1="1" ind2="7">
    <subfield code="a">MACHADO Y MORALES, GERALDO</subfield>
    <subfield code="d">1871-1939</subfield>
    <subfield code="9">81473</subfield>
  </datafield>
  <datafield tag="600" ind1="1" ind2="7">
    <subfield code="a">BATISTA Y ZALD&#xCC;VAR, FULGENCIO</subfield>
    <subfield code="d">1901-1973</subfield>
    <subfield code="9">12695</subfield>
  </datafield>
  <datafield tag="650" ind1=" " ind2="7">
    <subfield code="a">DICTADORES</subfield>
    <subfield code="z">REP&#xD9;BLICA DOMINICANA</subfield>
    <subfield code="9">601</subfield>
  </datafield>
  <datafield tag="650" ind1=" " ind2="7">
    <subfield code="a">DICTADORES</subfield>
    <subfield code="z">CUBA </subfield>
    <subfield code="9">81474</subfield>
  </datafield>
  <datafield tag="700" ind1="1" ind2=" ">
    <subfield code="a">Llabre Raurell, Pablo</subfield>
    <subfield code="9">74206</subfield>
  </datafield>
  <datafield tag="700" ind1="1" ind2=" ">
    <subfield code="a">Soldevilla Enr&#xED;quez, Enrique, </subfield>
    <subfield code="e">ed.</subfield>
    <subfield code="9">83038</subfield>
  </datafield>
  <datafield tag="910" ind1=" " ind2=" ">
    <subfield code="a">YLockward</subfield>
  </datafield>
  <datafield tag="942" ind1=" " ind2=" ">
    <subfield code="2">ddc</subfield>
    <subfield code="c">LBS1</subfield>
  </datafield>
  <datafield tag="952" ind1=" " ind2=" ">
    <subfield code="0">0</subfield>
    <subfield code="1">0</subfield>
    <subfield code="2">ddc</subfield>
    <subfield code="5">3</subfield>
    <subfield code="7">0</subfield>
    <subfield code="8">PD</subfield>
    <subfield code="a">BNPHU</subfield>
    <subfield code="b">BNPHU</subfield>
    <subfield code="c">CT</subfield>
    <subfield code="d">2022-02-01</subfield>
    <subfield code="e">Editora B&#xFA;ho</subfield>
    <subfield code="o">321.9 A185f</subfield>
    <subfield code="p">2022-1442</subfield>
    <subfield code="r">2022-04-20</subfield>
    <subfield code="t">v. 3</subfield>
    <subfield code="w">2022-04-20</subfield>
    <subfield code="y">LBS1</subfield>
  </datafield>
  <datafield tag="952" ind1=" " ind2=" ">
    <subfield code="0">0</subfield>
    <subfield code="1">0</subfield>
    <subfield code="2">ddc</subfield>
    <subfield code="5">3</subfield>
    <subfield code="7">0</subfield>
    <subfield code="8">PD</subfield>
    <subfield code="a">BNPHU</subfield>
    <subfield code="b">BNPHU</subfield>
    <subfield code="c">CT</subfield>
    <subfield code="d">2022-02-01</subfield>
    <subfield code="e">Editora B&#xFA;ho</subfield>
    <subfield code="o">321.9 A185f</subfield>
    <subfield code="p">2022-1443</subfield>
    <subfield code="r">2022-04-20</subfield>
    <subfield code="t">v. 3, e. 2</subfield>
    <subfield code="w">2022-04-20</subfield>
    <subfield code="y">LBS1</subfield>
  </datafield>
  <datafield tag="952" ind1=" " ind2=" ">
    <subfield code="0">0</subfield>
    <subfield code="1">0</subfield>
    <subfield code="2">ddc</subfield>
    <subfield code="5">6</subfield>
    <subfield code="7">0</subfield>
    <subfield code="8">PD</subfield>
    <subfield code="a">BNPHU</subfield>
    <subfield code="b">BNPHU</subfield>
    <subfield code="c">CT</subfield>
    <subfield code="d">2022-02-01</subfield>
    <subfield code="e">Editora B&#xFA;ho</subfield>
    <subfield code="o">321.9 A185f</subfield>
    <subfield code="p">2022-1445</subfield>
    <subfield code="r">2022-04-20</subfield>
    <subfield code="t">v. 3, e. 3</subfield>
    <subfield code="w">2022-04-20</subfield>
    <subfield code="y">LBS1</subfield>
  </datafield>
  <datafield tag="952" ind1=" " ind2=" ">
    <subfield code="0">0</subfield>
    <subfield code="1">0</subfield>
    <subfield code="2">ddc</subfield>
    <subfield code="5">3</subfield>
    <subfield code="7">0</subfield>
    <subfield code="8">PD</subfield>
    <subfield code="a">BNPHU</subfield>
    <subfield code="b">BNPHU</subfield>
    <subfield code="c">CT</subfield>
    <subfield code="d">2022-03-30</subfield>
    <subfield code="e">Archivo General de la Naci&#xF3;n</subfield>
    <subfield code="l">0</subfield>
    <subfield code="o">321.9 A185f</subfield>
    <subfield code="p">2022-2002</subfield>
    <subfield code="r">2022-05-11</subfield>
    <subfield code="t">v. 2</subfield>
    <subfield code="w">2022-05-11</subfield>
    <subfield code="y">LBS1</subfield>
  </datafield>
  <datafield tag="952" ind1=" " ind2=" ">
    <subfield code="0">0</subfield>
    <subfield code="1">0</subfield>
    <subfield code="2">ddc</subfield>
    <subfield code="5">3</subfield>
    <subfield code="7">0</subfield>
    <subfield code="8">PD</subfield>
    <subfield code="a">BNPHU</subfield>
    <subfield code="b">BNPHU</subfield>
    <subfield code="c">CT</subfield>
    <subfield code="d">2022-03-30</subfield>
    <subfield code="e">Archivo General de la Naci&#xF3;n</subfield>
    <subfield code="l">0</subfield>
    <subfield code="o">321.9 A185f</subfield>
    <subfield code="p">2022-2003</subfield>
    <subfield code="r">2022-05-11</subfield>
    <subfield code="t">v. 2, e. 2</subfield>
    <subfield code="w">2022-05-11</subfield>
    <subfield code="y">LBS1</subfield>
  </datafield>
  <datafield tag="952" ind1=" " ind2=" ">
    <subfield code="0">0</subfield>
    <subfield code="1">0</subfield>
    <subfield code="2">ddc</subfield>
    <subfield code="5">6</subfield>
    <subfield code="7">0</subfield>
    <subfield code="8">PD</subfield>
    <subfield code="a">BNPHU</subfield>
    <subfield code="b">BNPHU</subfield>
    <subfield code="c">CT</subfield>
    <subfield code="d">2022-03-30</subfield>
    <subfield code="e">Archivo General de la Naci&#xF3;n</subfield>
    <subfield code="l">0</subfield>
    <subfield code="o">321.9 A185f</subfield>
    <subfield code="p">2022-2004</subfield>
    <subfield code="r">2022-05-11</subfield>
    <subfield code="t">v. 2, e. 3</subfield>
    <subfield code="w">2022-05-11</subfield>
    <subfield code="y">LBS1</subfield>
  </datafield>
  <datafield tag="952" ind1=" " ind2=" ">
    <subfield code="0">0</subfield>
    <subfield code="1">0</subfield>
    <subfield code="2">ddc</subfield>
    <subfield code="5">6</subfield>
    <subfield code="7">0</subfield>
    <subfield code="8">DS</subfield>
    <subfield code="a">BNPHU</subfield>
    <subfield code="b">BNPHU</subfield>
    <subfield code="c">CT</subfield>
    <subfield code="d">2022-03-30</subfield>
    <subfield code="e">Donado por el Archivo General de la Naci&#xF3;n</subfield>
    <subfield code="l">0</subfield>
    <subfield code="o">321.9 A185f</subfield>
    <subfield code="p">2023-0253</subfield>
    <subfield code="r">2023-01-18</subfield>
    <subfield code="t">ev.3, e.4</subfield>
    <subfield code="w">2023-01-18</subfield>
    <subfield code="y">LBS1</subfield>
  </datafield>
  <datafield tag="952" ind1=" " ind2=" ">
    <subfield code="0">0</subfield>
    <subfield code="1">0</subfield>
    <subfield code="2">ddc</subfield>
    <subfield code="5">6</subfield>
    <subfield code="7">0</subfield>
    <subfield code="8">DS</subfield>
    <subfield code="a">BNPHU</subfield>
    <subfield code="b">BNPHU</subfield>
    <subfield code="c">CT</subfield>
    <subfield code="d">2022-03-30</subfield>
    <subfield code="e">Donado por el Archivo General de la Naci&#xF3;n</subfield>
    <subfield code="l">0</subfield>
    <subfield code="o">321.9 A185f</subfield>
    <subfield code="p">2023-0254</subfield>
    <subfield code="r">2023-01-18</subfield>
    <subfield code="t">ev.3, e.5</subfield>
    <subfield code="w">2023-01-18</subfield>
    <subfield code="y">LBS1</subfield>
  </datafield>
  <datafield tag="999" ind1=" " ind2=" ">
    <subfield code="c">51544</subfield>
    <subfield code="d">51544</subfield>
  </datafield>
</record>
